000 00639nam a2200205Ia 4500
003 GCL
008 140319s9999 xx 000 0 ara d
040 _aGCL /
_cGCL
082 0 4 _a370.773
_bا ت
100 1 _aاحمد زكى حلمى
245 1 0 _aتكنولوجيا الخراطة: نظرى وعملى للمراحل المتقدمة /
_cاحمد زكى حلمى
260 _a[S.N] :
_bدار الفجر للنشر والتوزيع
490 _a
650 0 4 _aالمعادن
650 0 4 _aالمخارط
650 0 4 _aالخراطة
650 0 4 _aاثقال المعادن
650 0 4 _aالمعادلات
942 _2ddc
_cBK
999 _c58904
_d58904